000 00694nam a2200229Ia 4500
005 20241129104237.0
008 241129s9999||||xx |||||||||||||| ||und||
020 _a9781032570044
037 _aReference
040 _aRTL
_beng
_cRTL
041 _aeng
_2eng
084 _aU435 R0/RR
_qRTL
100 _aWillis Katharine S.; Aurigi Alessandro
_9725410
245 0 _aROUTLEDGE COMPANION to smart cities
_cWillis Katharine S.; Aurigi Alessandro
260 _aLondon
_bRoutledge
_c2020
300 _axx,429p.
365 _aINR
_b4616.69
490 _aRoutledge International Handbooks
650 _aSmart Cities
942 _cRef
_hU435 R0/RR
999 _c1225043
_d1225043